1779 1982 1358 1359 1510 1687 1202 1738 1217 1305 1869 1928 1180 1850 1389 1343 1406 1035 1639 1179 1318 1405 1105 1299 1524 1373 1491 1423 1146 1572 1264 1704 1238 1434 1133 1025 1480 1972 1573 1908 1875 1490 1581 1037 1184 1263 1523 1118 1706 1638 1167 1290 1093 1232 1532 1764 1421 1774 1165 1730 1420 1799 1960 1705 1470 1504 1006 1284 1056 1767 1657 1996 1784 1080 1580 1300 1804 1943 1015 1428 1991 1121 1727 1097 1923 1372 1395 1658 1136 1129 1550 1715 1527 1116 1305 1027 1477 1293 1555 BCNSPRNW ULIB Ver.6.0+V

เปลี่ยนเป็นภาษาไทย

Change to English
 แสดงรายละเอียดบรรณานุกรม
  กลับหน้าหลัก

Brief Record : Get Marc (ISO 2709) : E-mail record : QR code < ปิดหน้าต่าง
LEADER : 00000nam 2200000uu 4500
001    13399114413
003     ULIB
008    120328s||||||||th 000 0 tha d
020    ^a9789741113934
060 04 ^aWB115^bภ415อ
245 00 ^aอายุรศาสตร์ทันยุค 2553 =^bUpdate in internal medicine 2010/^cบรรณธิการ รุ่งโรจน์ กฤตยพงษ์,วันชัย เดชสมฤทธิ์ฤทัย, , อภิรดี ศรีวิจิตรกมล
246 31 ^aUpdate in internal medicine 2010
250    ^aพิมพ์ครั้งที่ 1
260    ^aกรุงเทพฯ :^bภาควิชาอายุรศาสตร์ คณะแพทยศาสตร์ศิริราชพยาบาลมหาวิทยาลัยมหิดล,^c2553
300    ^a 275 หน้า :^bภาพประกอบ ;^c26 ซม.
650  7 ^aอายุรศาสตร์
653    ^aผลงานอาจารย์คณะแพทยศาสตร์ศิริราชพยาบาล
700 0  ^aวันชัย เดชสมฤทธิ์ฤทัย,^eบรรณาธิการ
700 0  ^aรุ่งโรจน์ กฤตยพงษ์,^eบรรณาธิการ
700 0  ^aอภิรดี ศรีวิจิตรกมล,^eบรรณาธิการ
710    ^aมหาวิทยาลัยมหิดล. ^bคณะแพทยศาสตร์สิริราชพยาบาล.^bภาควิชาอายุรศาสตร์
945    ^p250^l0^i031522
995    ^a เกษร
999    ^aใช้งานได้ทุกระบบ
รายการนี้ยังไม่มีแท็ก
คุณยังไม่ได้ล็อกอิน คุณสามารถมีกิจกรรมร่วมกับเว็บไซต์ได้ แต่ต้องล็อกอินก่อน ::
  ล็อกอิน

รายการสื่อสารสนเทศ

ลำดับที่ ประเภท เลขเรียก/บาร์โค้ด สถานที่ สถานะ
1. วิทยาศาสตร์การแพทย์ และสุขภาพ
หนังสือสำรอง
สถานะ=หนังสือสำรอง
WB115 ภ415อ ฉ.1 
  Barcode: 031522
ห้องสมุดวิทยาเขตสวรรค์ประชารักษ์
►ส่วนจัดเก็บหนังสือเก่า สปร
บนชั้น
  ขอยืม

รายการใกล้เคียง
    หัวเรื่อง [อายุรศาสตร์]

BibComment


ยังไม่เคยถูกคอมเมนท์

คอมเมนท์ทรัพยากรรายการนี้
  คอมเมนท์: อายุรศาสตร์ทันยุ..


 Copyright 2026. Bcnsprnw @Library